000 00461nam a2200181Ia 4500
008 240925s9999 xx 000 0 und d
020 _a8170297958
082 _a621.38152 LAN
100 _aLancaster, Don
245 0 _aCMOS Cook Book
250 _a2nd
260 _aNew Delhi:
_bBPB Publication
_c,1997.
300 _aVarious pages
_bN.A
_fPhotocopy
500 _aIncludes Index
600 _aEngineering Technology
650 _aTechnology
942 _cBK
999 _c11008
_d11008